El teniente de alcalde (Record no. 12975)

MARC details
000 -LEADER
campo de control de longitud fija 00881nam a22002415i 4500
001 - NÚMERO DE CONTROL
campo de control 12975
003 - IDENTIFICADOR DE NÚMERO DE CONTROL
campo de control ES-MaACL
005 - FECHA Y HORA DE LA ÚLTIMA TRANSACCIÓN
campo de control 20230906150445.0
007 - CAMPO FIJO DE DESCRIPCIÓN FÍSICA--INFORMACIÓN GENERAL
campo de control de longitud fija t|
008 - DATOS DE LONGITUD FIJA--INFORMACIÓN GENERAL
campo de control de longitud fija 960228s1995 sp ||||0| spa j
020 ## - NÚMERO INTERNACIONAL ESTÁNDAR DEL LIBRO
Número Internacional Estándar del Libro 84-7812-304-0
040 ## - FUENTE DE CATALOGACIÓN
Centro catalogador/agencia de origen M-BN
Lengua de catalogación spa
Centro/agencia transcriptor M-BN
080 ## - NÚMERO DE LA CLASIFICACIÓN DECIMAL UNIVERSAL
Número de la Clasificación Decimal Universal 352(460).075.26
080 ## - NÚMERO DE LA CLASIFICACIÓN DECIMAL UNIVERSAL
Número de la Clasificación Decimal Universal 352(460.27 M.).075.26(091)
245 03 - MENCIÓN DEL TÍTULO
Título El teniente de alcalde
Resto del título : historia y legislación /
Mención de responsabilidad, etc. investigación dirigida y coordinada por Luis María Huete Morillo.
260 ## - PUBLICACIÓN, DISTRIBUCIÓN, ETC.
Lugar de publicación, distribución, etc. Madrid :
Nombre del editor, distribuidor, etc. Ayuntamiento de Madrid, Primera Tenencia de Alcaldía,
Fecha de publicación, distribución, etc. [1995]
300 ## - DESCRIPCIÓN FÍSICA
Extensión 251 p. ;
Dimensiones 22 cm.
650 14 - PUNTO DE ACCESO ADICIONAL DE MATERIA--TÉRMINO DE MATERIA
Término de materia o nombre geográfico como elemento de entrada Concejales-
Subdivisión geográfica España-
Subdivisión de forma Legislación.
9 (RLIN) 11236
650 #4 - PUNTO DE ACCESO ADICIONAL DE MATERIA--TÉRMINO DE MATERIA
Término de materia o nombre geográfico como elemento de entrada Concejales-
Subdivisión geográfica Madrid-
Subdivisión de forma Historia.
9 (RLIN) 11237
700 1# - ENTRADA AGREGADA--NOMBRE PERSONAL
Nombre de persona Huete Morillo, Luis María.
9 (RLIN) 64593
710 1# - ENTRADA AGREGADA--NOMBRE DE ENTIDAD CORPORATIVA
Nombre de entidad corporativa o nombre de jurisdicción como elemento de entrada Madrid.
Unidad subordinada Ayuntamiento. Primera Tenencia de Alcaldía.
9 (RLIN) 5582
852 ## - LOCALIZACIÓN
Ubicación ES-MaACL
Número de control de estantería L-20297
Sublocalización o colección R.124371
Holdings
Estatus retirado Estado de pérdida Estado de daño No para préstamo Biblioteca de origen Biblioteca actual Ubicación en estantería Fecha de adquisición Fuente de adquisición Total de préstamos Signatura topográfica completa Código de barras Visto por última vez Precio de reemplazo Tipo de ítem Koha
        Biblioteca del Ateneo de Madrid Biblioteca del Ateneo de Madrid Depósito 2 17/01/2008     L-20297 1013214 23/02/2023 23/02/2023 Libro impreso